| 000 | 00669nam a2200193 a 4500 | ||
|---|---|---|---|
| 001 | 000022842 | ||
| 005 | 20200930021829.0 | ||
| 008 | 101119s1988 cu a r 000 p spa d | ||
| 040 |
_aDO-SdBNP _bspa _cBNPHU |
||
| 082 |
_aCu861.44 _bP221v |
||
| 245 | 0 | 1 |
_aPara vivir como tú vives / _cselección de poemas y aviso, Waldo González López ; edición Carina Pino-Santos Navarro. |
| 260 |
_aLa Habana, (Cuba) : _bEditora Política, _c1988. |
||
| 300 |
_a124 p. : _bil. ; _c17 cm. |
||
| 650 | 4 |
_aPoesía cubana _95226 |
|
| 650 | 4 |
_aLiteratura cubana _91483 |
|
| 700 | 1 |
_aPino-Santos Navarro, Carina _eed. _946946 |
|
| 700 | 1 |
_aGonzález López, Waldo _946947 |
|
| 049 | _aBNGR | ||
| 999 |
_c22339 _d22339 |
||